Teranesia

שמור ב:
מידע ביבליוגרפי
מחבר ראשי: Grag Egan
פורמט: ספר
שפה:שפה לא ידועה
יצא לאור: Fanucci
תגים: הוספת תג
אין תגיות, היה/י הראשונ/ה לתייג את הרשומה!

MARC

LEADER 00000nam a2200000Ia 4500
001 R-1964
003 CODICE-MESSINA
005 20260212102524.0
008 260211s9999 xx 000 0 und d
040 |c importazione_messina 
100 |a Grag Egan 
245 0 |a Teranesia 
260 |b Fanucci 
942 |2 ddc  |c BK 
952 |0 0  |1 0  |2 ddc  |4 0  |6 SCAFFALE_20_000000000000000__STANZA_2__ROMANZI  |7 0  |9 32805  |a ME  |b ME  |d 2026-02-11  |l 0  |o SCAFFALE 20 - STANZA 2 - ROMANZI  |p R-1964  |r 2026-02-11 23:53:24  |w 2026-02-11  |x [REVISIONARE]  |y BK 
999 |c 28472  |d 28472